[Event "28. SPRING FESTIVAL -  BUDAPEST"]
[Site "Budapest"]
[Date "2012.03.29"]
[Round "4.11"]
[White "Lyell, Mark"]
[Black "Egri, Laszlo Jr"]
[Result "1-0"]
[WhiteElo "2202"]
[BlackElo "2075"]
[PlyCount "119"]
[EventDate "2012.03.26"]

1. e4 c5 2. Nc3 Nc6 3. f4 e6 4. Nf3 Nf6 5. e5 Nd5 6. Nxd5 exd5 7. Bb5 d6 8. O-O
Qb6 9. Bxc6+ Qxc6 10. d4 Bg4 11. Be3 dxe5 12. fxe5 Be7 13. dxc5 Bxc5 14. Bxc5
Qxc5+ 15. Qd4 b6 16. Rad1 Bxf3 17. Qxc5 bxc5 18. Rxf3 d4 19. c3 dxc3 20. Rxc3
Rc8 21. Rd5 Ke7 22. Rdxc5 Rxc5 23. Rxc5 Rd8 24. Ra5 Rd1+ 25. Kf2 Rd2+ 26. Kf3
Rxb2 27. Rxa7+ Ke6 28. Ra5 h5 29. h3 g6 30. g3 Rc2 31. Kf4 Rc4+ 32. Kg5 Rc3 33.
Kh4 Rc4+ 34. g4 hxg4 35. hxg4 Re4 36. a4 Rb4 37. Kg5 Rc4 38. Ra6+ Kxe5 39. Rf6
Rxa4 40. Rxf7 Ke6 41. Rf6+ Ke7 42. Rxg6 Kf7 43. Kh6 Ra1 44. Rg7+ Kf8 45. g5 Ra2
46. Rb7 Rg2 47. Kg6 Rg1 48. Rb8+ Ke7 49. Rg8 Rg2 50. Kh7 Rh2+ 51. Kg7 Rg2 52.
g6 Rg1 53. Ra8 Rg2 54. Ra1 Re2 55. Rf1 Re3 56. Kg8 Rg3 57. g7 Rg1 58. Re1+ Kf6
59. Re4 Kf5 60. Re8 1-0

[Event "28. SPRING FESTIVAL -  BUDAPEST"]
[Site "Budapest"]
[Date "2012.03.29"]
[Round "4.12"]
[White "Halak, Miklos"]
[Black "Vereb, Gabor"]
[Result "1-0"]
[WhiteElo "2026"]
[BlackElo "2170"]
[PlyCount "81"]
[EventDate "2012.03.26"]

1. e4 c5 2. c3 d5 3. exd5 Qxd5 4. Nf3 Nf6 5. d4 Bg4 6. Be2 e6 7. O-O Nc6 8. Be3
cxd4 9. cxd4 Be7 10. Nc3 Qa5 11. a3 O-O 12. b4 Qd8 13. b5 Na5 14. Bd3 Rc8 15.
Ne2 Bxf3 16. gxf3 Nd5 17. Kh1 Bd6 18. Rg1 Qh4 19. Rg2 Nc4 20. Bg5 Qh5 21. Be4
f6 22. Bxd5 exd5 23. Nf4 Bxf4 24. Bxf4 Rfe8 25. Qd3 Re7 26. Rag1 Kh8 27. Rg4
Rce8 28. Bg3 f5 29. Rf4 Rf8 30. Bh4 Re6 31. Rg5 Qh6 32. Rgxf5 Qxf4 33. Rxf4
Rxf4 34. Bg3 Rf8 35. Kg2 Rfe8 36. Qf5 Nb6 37. a4 Nxa4 38. Qxd5 Nc3 39. Qxb7 Rb6
40. Qxa7 Rxb5 41. Qd7 1-0

[Event "28. SPRING FESTIVAL -  BUDAPEST"]
[Site "Budapest"]
[Date "2012.03.29"]
[Round "4.13"]
[White "Metaxasz, Vaszilisz"]
[Black "Marosi, Levente"]
[Result "1-0"]
[WhiteElo "2166"]
[BlackElo "1959"]
[PlyCount "59"]
[EventDate "2012.03.26"]

1. d4 Nf6 2. Nf3 g6 3. g3 Bg7 4. Bg2 O-O 5. O-O d6 6. c4 Nc6 7. Nc3 a6 8. d5
Na5 9. Nd2 c5 10. Qc2 Rb8 11. Rb1 b5 12. b3 Bh6 13. Nce4 Nd7 14. Nf3 Bg7 15.
Bb2 Qc7 16. Bxg7 Kxg7 17. h4 h5 18. Rfe1 bxc4 19. bxc4 Rb4 20. Nfd2 Kg8 21. a3
Rxb1 22. Rxb1 Nb6 23. Ng5 Bd7 24. Be4 f5 25. Bd3 Rb8 26. e4 Rf8 27. exf5 Bxf5
28. Bxf5 Rxf5 29. Ne6 Qa7 30. Qc3 1-0

[Event "28. SPRING FESTIVAL -  BUDAPEST"]
[Site "Budapest"]
[Date "2012.03.29"]
[Round "4.14"]
[White "Farkas, Richard"]
[Black "Heyl, Thomas"]
[Result "1-0"]
[WhiteElo "2111"]
[BlackElo "2032"]
[PlyCount "127"]
[EventDate "2012.03.26"]

1. e4 c5 2. Nf3 e6 3. d4 cxd4 4. Nxd4 a6 5. Nc3 Qc7 6. Be3 Bb4 7. Qd2 Nf6 8. f3
d5 9. exd5 Nxd5 10. Nde2 Nxe3 11. Qxe3 O-O 12. O-O-O b5 13. Kb1 Bb7 14. a3 Bc5
15. Qf4 e5 16. Qh4 Be7 17. Qf2 Rd8 18. Rxd8+ Qxd8 19. Nc1 Nc6 20. Nb3 Qc7 21.
Nd5 Qd6 22. Nxe7+ Qxe7 23. Bd3 Rf8 24. Be4 Nd8 25. Re1 Bxe4 26. Rxe4 f5 27. Re1
Rf6 28. Qc5 Qxc5 29. Nxc5 Nf7 30. Kc1 g5 31. Kd2 Kg7 32. Kc3 Rc6 33. b4 h5 34.
Kb3 Kg6 35. Nd7 Rd6 36. Nc5 g4 37. Re2 Kg5 38. Nd3 Kf6 39. a4 Rd4 40. a5 Rd6
41. Nc5 Kg5 42. Nd3 Rd5 43. Re3 h4 44. fxg4 f4 45. Re2 Kxg4 46. Nc5 Rd6 47. h3+
Kf5 48. c4 Ng5 49. cxb5 axb5 50. a6 e4 51. a7 Rd8 52. Ra2 Ra8 53. Nd7 f3 54.
gxf3 exf3 55. Nb6 Rxa7 56. Rxa7 f2 57. Ra1 Ne4 58. Nd5 Ng3 59. Kc2 Ke4 60. Nc3+
Kd4 61. Rd1+ Kc4 62. Nd5 Ne4 63. Ne3+ Kxb4 64. Rd4+ 1-0

[Event "28. SPRING FESTIVAL -  BUDAPEST"]
[Site "Budapest"]
[Date "2012.03.29"]
[Round "4.15"]
[White "Borda, Lajos"]
[Black "Porkolab, Sandor"]
[Result "1-0"]
[WhiteElo "2100"]
[BlackElo "1936"]
[PlyCount "91"]
[EventDate "2012.03.26"]

1. e4 d5 2. exd5 Qxd5 3. Nc3 Qa5 4. d4 Nf6 5. Bd3 Bg4 6. f3 Bh5 7. Bd2 Nc6 8.
Nge2 Bg6 9. Be4 Nxe4 10. fxe4 Qh5 11. Nd5 O-O-O 12. Ndf4 Qh4+ 13. g3 Qg4 14.
Nxg6 hxg6 15. O-O Qh3 16. Rf2 Nxd4 17. Nxd4 Rxd4 18. Qf3 e6 19. Be3 Rd7 20. c4
Qh5 21. g4 Qh3 22. Qe2 Rh4 23. Rg2 Bd6 24. Bxa7 Bxh2+ 25. Rxh2 Qxg4+ 26. Qxg4
Rxg4+ 27. Rg2 Rxg2+ 28. Kxg2 b6 29. Kf3 Kb7 30. Bxb6 cxb6 31. Ke3 g5 32. e5 f5
33. a4 g4 34. a5 Rc7 35. b3 g5 36. axb6 Kxb6 37. Rh1 f4+ 38. Ke4 g3 39. Kf3 Rc5
40. Re1 Ka5 41. Ke4 Rxe5+ 42. Kxe5 f3 43. Kd4 f2 44. b4+ Kxb4 45. Rb1+ Ka3 46.
Ke3 1-0

[Event "28. SPRING FESTIVAL -  BUDAPEST"]
[Site "Budapest"]
[Date "2012.03.29"]
[Round "4.17"]
[White "Aryan, Chopra"]
[Black "Csapo, Zoltan"]
[Result "1/2-1/2"]
[WhiteElo "1869"]
[BlackElo "2113"]
[PlyCount "53"]
[EventDate "2012.03.26"]

1. e4 e5 2. Nf3 Nc6 3. Bb5 Nge7 4. O-O Ng6 5. c3 d6 6. d4 Bd7 7. d5 Nb8 8.
Bxd7+ Nxd7 9. c4 Be7 10. Nc3 O-O 11. Be3 f5 12. exf5 Rxf5 13. Ne4 Nf4 14. g3
Ng6 15. Nfd2 Qf8 16. b4 c6 17. Qa4 Qc8 18. c5 cxd5 19. Qb3 dxc5 20. Qxd5+ Rf7
21. Bxc5 Nxc5 22. bxc5 Qc6 23. Qxc6 bxc6 24. Nc4 Bf6 25. Rab1 Ne7 26. Rb2 Nd5
27. Rfb1 1/2-1/2

[Event "28. SPRING FESTIVAL -  BUDAPEST"]
[Site "Budapest"]
[Date "2012.03.29"]
[Round "4.18"]
[White "Krstulovic, Alex"]
[Black "Mester, Attila"]
[Result "0-1"]
[WhiteElo "1795"]
[BlackElo "2104"]
[PlyCount "34"]
[EventDate "2012.03.26"]

1. d4 d5 2. c4 e5 3. dxe5 d4 4. Nf3 Nc6 5. g3 Nge7 6. Bg2 Ng6 7. O-O Ngxe5 8.
Nxe5 Nxe5 9. Nd2 g6 10. Nf3 Nxf3+ 11. exf3 Bg7 12. Re1+ Be6 13. f4 O-O 14. Bxb7
Rb8 15. Ba6 c6 16. Qd3 Qa5 17. c5 Qxe1+ 0-1

[Event "28. SPRING FESTIVAL -  BUDAPEST"]
[Site "Budapest"]
[Date "2012.03.29"]
[Round "4.19"]
[White "Bakacs, Janos"]
[Black "Bodrogi, Mihaly"]
[Result "0-1"]
[WhiteElo "1665"]
[BlackElo "2057"]
[PlyCount "98"]
[EventDate "2012.03.26"]

1. d4 c5 2. dxc5 e6 3. e4 Bxc5 4. Nf3 Qb6 5. Qd2 Nf6 6. Bd3 Be7 7. O-O d6 8. b3
O-O 9. Bb2 e5 10. c4 h6 11. h3 Nc6 12. Nc3 a6 13. Rfd1 Be6 14. Bc2 Rfd8 15. Na4
Qc7 16. Bc3 b5 17. cxb5 axb5 18. Nb2 b4 19. Bxb4 Nxb4 20. Qxb4 Qxc2 21. Na4
Rdb8 22. Qe1 Qxe4 23. Qd2 Qb4 24. Qe3 Nd5 25. Qd2 Qxd2 26. Nxd2 Nb6 27. Nb2 Bf6
28. Ne4 d5 29. Nxf6+ gxf6 30. Nd3 Nd7 31. f3 Rc8 32. Rdc1 Rxc1+ 33. Nxc1 Nc5
34. b4 Na4 35. a3 d4 36. Nd3 Bc4 37. Nf2 Nc3 38. Ng4 Kg7 39. Kf2 h5 40. Nh2 Ba2
41. g4 hxg4 42. Nxg4 Be6 43. Rg1 Bxg4 44. Rxg4+ Kh6 45. b5 Nxb5 46. Ke2 Rxa3
47. Rg1 Re3+ 48. Kf2 Nc3 49. Ra1 Re2+ 0-1

[Event "28. SPRING FESTIVAL -  BUDAPEST"]
[Site "Budapest"]
[Date "2012.03.29"]
[Round "4.20"]
[White "Kiss, Peter"]
[Black "Peczely, Gyorgy Dr"]
[Result "1-0"]
[WhiteElo "2051"]
[BlackElo "1878"]
[PlyCount "49"]
[EventDate "2012.03.26"]

1. e4 e6 2. Qe2 c5 3. d3 Nc6 4. Nf3 d6 5. g3 e5 6. c3 Nf6 7. Bg5 h6 8. Bxf6
Qxf6 9. Bg2 g6 10. O-O Bg7 11. Nfd2 O-O 12. Nc4 Qd8 13. Ne3 Be6 14. f4 exf4 15.
gxf4 Bd7 16. Nd2 b5 17. f5 g5 18. Nd5 Be5 19. Qh5 Kg7 20. f6+ Kh7 21. Bh3 Be6
22. Bf5+ Bxf5 23. Rxf5 Bf4 24. Nf3 Ne5 25. Rxf4 1-0

[Event "28. SPRING FESTIVAL -  BUDAPEST"]
[Site "Budapest"]
[Date "2012.03.30"]
[Round "5.1"]
[White "Radnai, Adam"]
[Black "Farago, Sandor"]
[Result "1-0"]
[WhiteElo "2269"]
[BlackElo "2296"]
[PlyCount "51"]
[EventDate "2012.03.26"]

1. Nf3 c5 2. b3 d5 3. e3 Nf6 4. Bb2 Nc6 5. Bb5 Qb6 6. c4 a6 7. Bxc6+ Qxc6 8.
Ne5 Qc7 9. d4 e6 10. Nd2 cxd4 11. Bxd4 Bd6 12. f4 Ne4 13. O-O Nxd2 14. Qxd2 f6
15. Nd3 dxc4 16. Rac1 b5 17. bxc4 bxc4 18. Nb2 e5 19. fxe5 fxe5 20. Bb6 Qe7 21.
Rcd1 Bc7 22. Bxc7 Qxc7 23. Nxc4 Be6 24. Nd6+ Ke7 25. Qb4 a5 26. Qh4+ 1-0

[Event "28. SPRING FESTIVAL -  BUDAPEST"]
[Site "Budapest"]
[Date "2012.03.30"]
[Round "5.3"]
[White "Galyas, Miklos"]
[Black "Juhasz, Armin"]
[Result "1/2-1/2"]
[WhiteElo "2445"]
[BlackElo "2184"]
[PlyCount "49"]
[EventDate "2012.03.26"]

1. c4 c5 2. Nc3 g6 3. g3 Bg7 4. Bg2 Nc6 5. Nf3 e6 6. d3 Nge7 7. Bg5 h6 8. Bd2
O-O 9. O-O d5 10. a3 b6 11. Rb1 a5 12. Na4 Bd7 13. Qb3 Rb8 14. cxd5 Nxd5 15.
Nc3 Nc7 16. Rfc1 e5 17. Qd1 Be6 18. Na4 Nd5 19. b3 Kh7 20. Nb2 f5 21. Nc4 Qf6
22. Ne3 Rfd8 23. Nxd5 Bxd5 24. Bc3 Qe7 25. Qe1 1/2-1/2

[Event "28. SPRING FESTIVAL -  BUDAPEST"]
[Site "Budapest"]
[Date "2012.03.30"]
[Round "5.4"]
[White "Brustkern, Juergen"]
[Black "Kantor, Gergely"]
[Result "1/2-1/2"]
[WhiteElo "2229"]
[BlackElo "2316"]
[PlyCount "53"]
[EventDate "2012.03.26"]

1. Nf3 Nf6 2. c4 e6 3. Nc3 Bb4 4. g4 d6 5. g5 Bxc3 6. dxc3 Nfd7 7. Bg2 e5 8.
Qc2 Nc6 9. Be3 Qe7 10. O-O-O Nb6 11. Nd2 Be6 12. b3 O-O-O 13. Ne4 f5 14. gxf6
gxf6 15. Ng3 Qf7 16. f4 f5 17. c5 exf4 18. Bxf4 dxc5 19. Bxc6 bxc6 20. c4 Qf6
21. Qb2 Qxb2+ 22. Kxb2 Rxd1 23. Rxd1 Nd7 24. Rf1 Rg8 25. Kc3 Nf6 26. Kd3 Rd8+
27. Kc3 1/2-1/2

[Event "28. SPRING FESTIVAL -  BUDAPEST"]
[Site "Budapest"]
[Date "2012.03.30"]
[Round "5.5"]
[White "Csonka, Balazs"]
[Black "Varga, Melinda"]
[Result "1-0"]
[WhiteElo "2299"]
[BlackElo "2172"]
[PlyCount "89"]
[EventDate "2012.03.26"]

1. d4 d5 2. c4 c6 3. Nf3 Nf6 4. Nc3 dxc4 5. a4 Bf5 6. Ne5 Nbd7 7. Nxc4 Nd5 8.
f3 e5 9. e4 Nxc3 10. bxc3 Be6 11. Rb1 Qc7 12. Be3 Rd8 13. Qc2 Be7 14. Bd3 b6
15. O-O f6 16. Rfd1 Bf7 17. Bf2 O-O 18. Ne3 Rfe8 19. Bc4 Bxc4 20. Nxc4 Kh8 21.
Bg3 Rc8 22. Kh1 Bf8 23. Qb3 b5 24. axb5 cxb5 25. Qxb5 a6 26. Qa4 Qxc4 27. Qxd7
Qxc3 28. dxe5 fxe5 29. h3 a5 30. Kh2 Re7 31. Qb5 Rc5 32. Rd8 Kg8 33. Qb8 Rf7
34. Rb7 Qc4 35. Bxe5 Rxe5 36. Rxf7 Qxf7 37. Qxe5 a4 38. Qd5 a3 39. Rd7 Qxd5 40.
exd5 Bc5 41. g3 Kf8 42. f4 Ke8 43. Rc7 Bb4 44. Rxg7 Be7 45. d6 1-0

[Event "28. SPRING FESTIVAL -  BUDAPEST"]
[Site "Budapest"]
[Date "2012.03.30"]
[Round "5.6"]
[White "Szalanczy, Emil"]
[Black "Grimm, Daniel"]
[Result "1/2-1/2"]
[WhiteElo "2249"]
[BlackElo "2067"]
[PlyCount "109"]
[EventDate "2012.03.26"]

1. e4 c5 2. Nf3 Nc6 3. d4 cxd4 4. Nxd4 Nf6 5. Nc3 e5 6. Ndb5 d6 7. Be3 a6 8.
Na3 Rb8 9. Nd5 Nxd5 10. exd5 Ne7 11. c3 Nf5 12. Bd2 Be7 13. Bd3 O-O 14. O-O b5
15. Nc2 Bf6 16. Nb4 Ne7 17. Qe2 a5 18. Nc6 Nxc6 19. dxc6 Qb6 20. Be4 Be6 21.
Be3 Qc7 22. Rfd1 Rfd8 23. Qf3 Be7 24. b3 Kh8 25. g4 Rf8 26. Qh3 g6 27. Bh6 Rg8
28. c4 bxc4 29. bxc4 Bxc4 30. g5 Be6 31. Qf3 Rb4 32. a3 Rb3 33. Rd3 Rxd3 34.
Qxd3 d5 35. Bg2 Qxc6 36. Qe3 Qd6 37. Rc1 d4 38. Qe1 Bd5 39. Qxa5 Bxg2 40. Kxg2
d3 41. Qc3 Qd5+ 42. f3 d2 43. Rd1 Rd8 44. a4 Bc5 45. a5 Qd6 46. a6 Ba7 47. Qc4
Kg8 48. Qc3 Qd5 49. h4 Qd6 50. Kh3 Qe6+ 51. Kg2 Qd6 52. Kh3 Qd5 53. Kg2 Qd6 54.
Kh3 Qd5 55. Kg2 1/2-1/2

[Event "28. SPRING FESTIVAL -  BUDAPEST"]
[Site "Budapest"]
[Date "2012.03.30"]
[Round "5.7"]
[White "Metaxasz, Vaszilisz"]
[Black "Rodriguez Lopez, Rafael"]
[Result "0-1"]
[WhiteElo "2166"]
[BlackElo "2266"]
[PlyCount "74"]
[EventDate "2012.03.26"]

1. c4 Nf6 2. g3 g6 3. Bg2 d5 4. cxd5 Nxd5 5. Nc3 Nxc3 6. bxc3 Bg7 7. Rb1 Nd7 8.
Qc2 O-O 9. Nf3 Nb6 10. O-O Bd7 11. d3 Ba4 12. Qd2 c5 13. c4 Bc6 14. Qc2 Nd7 15.
Bb2 e5 16. Bc3 Re8 17. Nd2 Bxg2 18. Kxg2 Qc7 19. Qb2 b6 20. a4 Qc6+ 21. Kg1
Qxa4 22. f4 Qc6 23. f5 Bh6 24. Ne4 Be3+ 25. Kg2 f6 26. Rf3 Bd4 27. Rbf1 Bxc3
28. Qxc3 Rf8 29. Qd2 Kg7 30. g4 g5 31. Kg1 h6 32. h4 Rh8 33. hxg5 hxg5 34. Nxg5
fxg5 35. Qxg5+ Kf7 36. f6 Rag8 37. Qf5 Qe6 0-1

[Event "28. SPRING FESTIVAL -  BUDAPEST"]
[Site "Budapest"]
[Date "2012.03.30"]
[Round "5.8"]
[White "Farkas, Richard"]
[Black "Lyell, Mark"]
[Result "0-1"]
[WhiteElo "2111"]
[BlackElo "2202"]
[PlyCount "54"]
[EventDate "2012.03.26"]

1. e4 e5 2. Nf3 Nc6 3. Bb5 f5 4. Nc3 fxe4 5. Nxe4 Nf6 6. Qe2 d5 7. Neg5 Bd6 8.
c4 O-O 9. cxd5 e4 10. dxc6 exf3 11. Qc4+ Kh8 12. gxf3 a6 13. cxb7 axb5 14.
bxa8=Q bxc4 15. Qc6 h6 16. h4 Bf5 17. Qxc4 Qe8+ 18. Qe2 Qg6 19. d4 Bd3 20. Qd2
Re8+ 21. Kd1 Bb4 22. Nf7+ Kh7 23. Ne5 Rxe5 24. dxe5 Nd5 25. Re1 Bxd2 26. Bxd2
Bc2+ 27. Kc1 Qc6 0-1

[Event "28. SPRING FESTIVAL -  BUDAPEST"]
[Site "Budapest"]
[Date "2012.03.30"]
[Round "5.9"]
[White "Kearns, Christopher"]
[Black "Kormos, Adam"]
[Result "0-1"]
[WhiteElo "2079"]
[BlackElo "2194"]
[PlyCount "110"]
[EventDate "2012.03.26"]

1. e4 c5 2. Nf3 d6 3. d4 cxd4 4. Nxd4 Nf6 5. Nc3 g6 6. Be3 Bg7 7. f3 a6 8. Qd2
Nbd7 9. O-O-O b5 10. g4 Bb7 11. Nb3 b4 12. Nd5 a5 13. Bb5 Nxd5 14. exd5 a4 15.
Nd4 O-O 16. Nc6 Bxc6 17. Bxc6 b3 18. cxb3 axb3 19. axb3 Ra2 20. Bd4 Ne5 21. Qc3
Ra6 22. f4 Nxc6 23. Bxg7 Nb4 24. Qxb4 Kxg7 25. Rhe1 Ra5 26. Qb7 Rc5+ 27. Kb1
Rc7 28. Qb4 Qa8 29. Re4 Ra7 30. Kc2 Ra5 31. Qc3+ Kg8 32. Qd3 Qc8+ 33. Rc4 Qxg4
34. Qg3 Qf5+ 35. Qd3 Rxd5 36. Qxf5 Rxf5 37. Re4 Rc8+ 38. Rc4 Rxc4+ 39. bxc4
Rxf4 40. Kc3 Rf3+ 41. Kb4 Rf2 42. Rb1 Rxh2 43. Kc3 Rh3+ 44. Kc2 f5 45. Ra1 Kf7
46. b4 Ke6 47. b5 f4 48. Ra7 f3 49. Kd2 f2 50. Ke2 Rc3 51. Rc7 Rc2+ 52. Kf1 Rb2
53. Rb7 g5 54. Rb6 g4 55. c5 g3 0-1

[Event "28. SPRING FESTIVAL -  BUDAPEST"]
[Site "Budapest"]
[Date "2012.03.30"]
[Round "5.10"]
[White "Kahn, Evarth Dr"]
[Black "Halak, Miklos"]
[Result "1-0"]
[WhiteElo "2265"]
[BlackElo "2026"]
[PlyCount "145"]
[EventDate "2012.03.26"]

1. e4 e5 2. Nf3 Nc6 3. Bc4 Bc5 4. c3 Qe7 5. O-O d6 6. d4 Bb6 7. a4 a5 8. Bb5
Bd7 9. d5 Nb8 10. Bxd7+ Nxd7 11. Na3 Ngf6 12. Qe2 O-O 13. Nc4 c6 14. dxc6 bxc6
15. Rd1 Bc7 16. b3 Nc5 17. Ncd2 Rab8 18. Rb1 Nfd7 19. Ba3 Rfd8 20. Ne1 Qe6 21.
Qc4 Qxc4 22. Nxc4 Nxe4 23. Rbc1 d5 24. f3 dxc4 25. fxe4 cxb3 26. Be7 b2 27. Rb1
Nf6 28. Bxd8 Bxd8 29. Rxb2 Rc8 30. Nf3 Nxe4 31. Nxe5 Nxc3 32. Rc1 Nxa4 33. Ra2
Nb6 34. Rxc6 Rxc6 35. Nxc6 Bf6 36. Rxa5 h6 37. Kf2 Nc4 38. Rd5 Nb6 39. Rb5 Nc4
40. Ke2 Nd6 41. Rd5 Ne4 42. Kf3 Ng5+ 43. Kg4 Ne6 44. Rd7 Nc5 45. Ra7 Ne6 46. h4
h5+ 47. Kxh5 Nf4+ 48. Kg4 Nxg2 49. Ne7+ Kh7 50. Nf5 Ne1 51. Rxf7 Nd3 52. Rb7
Ne5+ 53. Kh3 Kg6 54. Ng3 Nf3 55. Ne4 Bd4 56. Rb3 Ne5 57. Rb4 Be3 58. Ng3 Bd2
59. Rb6+ Kh7 60. Nf5 Ng6 61. h5 Nf8 62. Rb7 Bh6 63. Re7 Kh8 64. Nxh6 gxh6 65.
Kg4 Kg8 66. Kf5 Kh8 67. Kf6 Kg8 68. Re8 Kh7 69. Rd8 Kg8 70. Rd6 Kh8 71. Kf7 Nh7
72. Rd8+ Nf8 73. Kxf8 1-0

[Event "28. SPRING FESTIVAL -  BUDAPEST"]
[Site "Budapest"]
[Date "2012.03.30"]
[Round "5.12"]
[White "Koczo, Kristof"]
[Black "Kiss, Peter"]
[Result "1-0"]
[WhiteElo "2138"]
[BlackElo "2051"]
[PlyCount "43"]
[EventDate "2012.03.26"]

1. d4 e6 2. c4 b6 3. e4 Bb7 4. Bd3 f5 5. Qh5+ g6 6. Qe2 Nf6 7. Nc3 Bb4 8. f3
Bxc3+ 9. bxc3 fxe4 10. fxe4 Nxe4 11. Nf3 Nf6 12. O-O O-O 13. Bh6 Re8 14. Qc2
Bxf3 15. Rxf3 Ng4 16. Bxg6 Nxh6 17. Bxh7+ Kh8 18. Qg6 Nf5 19. Bg8 Qh4 20. Qxe8
Nh6 21. Bxe6+ Kh7 22. Bf5+ 1-0

[Event "28. SPRING FESTIVAL -  BUDAPEST"]
[Site "Budapest"]
[Date "2012.03.30"]
[Round "5.13"]
[White "Mester, Attila"]
[Black "Havaskori, Laszlo"]
[Result "1-0"]
[WhiteElo "2104"]
[BlackElo "1977"]
[PlyCount "59"]
[EventDate "2012.03.26"]

1. e4 c5 2. Nf3 d6 3. d4 cxd4 4. Nxd4 Nf6 5. Nc3 Nc6 6. Bg5 e6 7. Qd2 a6 8.
O-O-O Qc7 9. f4 Be7 10. Kb1 O-O 11. Nf3 b5 12. Bd3 b4 13. Ne2 e5 14. Bxf6 Bxf6
15. f5 Rb8 16. g4 Nd4 17. Nexd4 exd4 18. g5 Be5 19. Rhg1 a5 20. Qe2 a4 21. g6
fxg6 22. Bc4+ Kh8 23. Ng5 d3 24. cxd3 h6 25. fxg6 b3 26. a3 d5 27. exd5 Bf5 28.
Nf7+ Rxf7 29. gxf7 Rf8 30. Rde1 1-0

[Event "28. SPRING FESTIVAL -  BUDAPEST"]
[Site "Budapest"]
[Date "2012.03.30"]
[Round "5.15"]
[White "Letay, Gyula"]
[Black "Nadassy, Attila"]
[Result "1-0"]
[WhiteElo "1989"]
[BlackElo "2062"]
[PlyCount "83"]
[EventDate "2012.03.26"]

1. Nf3 Nf6 2. g3 c6 3. d3 d5 4. Nbd2 g6 5. Bg2 Bg7 6. O-O O-O 7. h3 h6 8. e4
Qb6 9. e5 Ne8 10. Nb3 c5 11. c3 Nc6 12. Be3 d4 13. cxd4 cxd4 14. Nfxd4 Nxe5 15.
Nf5 Qf6 16. Nxg7 Qxg7 17. Rc1 Nc6 18. Qd2 Kh7 19. d4 Nd6 20. d5 Ne5 21. Bd4 f6
22. f4 Nec4 23. Qe2 b5 24. Nc5 Nb6 25. Rfe1 Re8 26. b3 Rb8 27. Rc3 g5 28. Nd3
Bf5 29. g4 Bg6 30. f5 Bf7 31. Bxb6 axb6 32. Rc7 Nc8 33. Nb4 Ra8 34. Qxb5 Ra5
35. Qd3 Qg8 36. Nc6 Rxa2 37. Nxe7 Nxe7 38. Rexe7 Rxe7 39. Rxe7 Kh8 40. Qd4 Qg7
41. d6 Kh7 42. Bd5 1-0

[Event "28. SPRING FESTIVAL -  BUDAPEST"]
[Site "Budapest"]
[Date "2012.03.30"]
[Round "5.16"]
[White "Bodrogi, Mihaly"]
[Black "Wang, Xinyue"]
[Result "0-1"]
[WhiteElo "2057"]
[BlackElo "1954"]
[PlyCount "92"]
[EventDate "2012.03.26"]

1. e4 e5 2. Nf3 Nc6 3. Bc4 Bc5 4. b4 Bxb4 5. c3 Be7 6. d4 Nf6 7. dxe5 Ng4 8.
Qd5 Rf8 9. h3 Nh6 10. Bxh6 gxh6 11. O-O d6 12. exd6 Qxd6 13. Qxd6 Bxd6 14. e5
Be7 15. Nbd2 Bf5 16. Bb5 Bd7 17. Bd3 O-O-O 18. Bxh7 f6 19. e6 Bxe6 20. Rfe1 Bd7
21. Be4 Ne5 22. Rab1 c6 23. Nxe5 fxe5 24. Nf3 Bc5 25. Re2 Bf5 26. Bxf5+ Rxf5
27. Kf1 Rd3 28. Rc1 Kc7 29. Nxe5 Rd8 30. Ng4 h5 31. Re5 Rxe5 32. Nxe5 Rd2 33.
f4 Rf2+ 34. Ke1 Rxg2 35. Nd3 Be3 36. Rd1 Rxa2 37. f5 Bg5 38. Nc5 Bh4+ 39. Kf1
Rf2+ 40. Kg1 Rxf5 41. Ne6+ Kb6 42. c4 a5 43. Rb1+ Ka6 44. Nc7+ Ka7 45. Ne8 Re5
46. Nd6 Re1+ 0-1

[Event "28. SPRING FESTIVAL -  BUDAPEST"]
[Site "Budapest"]
[Date "2012.03.30"]
[Round "5.17"]
[White "Vereb, Gabor"]
[Black "Marosi, Levente"]
[Result "0-1"]
[WhiteElo "2170"]
[BlackElo "1959"]
[PlyCount "96"]
[EventDate "2012.03.26"]

1. d4 Nf6 2. c4 g6 3. Nc3 Bg7 4. e4 d6 5. Be2 O-O 6. Bg5 h6 7. Be3 Nc6 8. d5
Nb8 9. h3 c6 10. Qd2 Kh7 11. Nf3 cxd5 12. cxd5 a6 13. O-O b5 14. a3 Nbd7 15. b4
Nb6 16. Nd4 Bd7 17. f3 Nh5 18. Kh2 Rc8 19. a4 Nc4 20. Bxc4 Rxc4 21. g4 Be5+ 22.
Kg1 Nf4 23. axb5 axb5 24. Rac1 Qc8 25. Ncxb5 Bxb5 26. Nxb5 Rxc1 27. Rxc1 Qxc1+
28. Qxc1 Ne2+ 29. Kf2 Nxc1 30. Bxc1 Rb8 31. Na7 Bd4+ 32. Be3 Bxe3+ 33. Kxe3
Rxb4 34. Nc6 Rb3+ 35. Kd4 e5+ 36. dxe6 fxe6 37. Nd8 Rxf3 38. Nxe6 Rxh3 39. e5
dxe5+ 40. Kxe5 Re3+ 41. Kf6 Rf3+ 42. Ke5 Kg8 43. Ke4 Rf1 44. Nd4 Kf7 45. Nf3
Kf6 46. Kf4 Rxf3+ 47. Kxf3 Ke5 48. g5 h5 0-1

[Event "28. SPRING FESTIVAL -  BUDAPEST"]
[Site "Budapest"]
[Date "2012.03.30"]
[Round "5.18"]
[White "Csapo, Zoltan"]
[Black "Szabo, Peter Dr"]
[Result "1-0"]
[WhiteElo "2113"]
[BlackElo "1918"]
[PlyCount "63"]
[EventDate "2012.03.26"]

1. e4 c5 2. Nf3 g6 3. c3 Bg7 4. d4 cxd4 5. cxd4 d5 6. exd5 Nf6 7. Bb5+ Bd7 8.
Bc4 O-O 9. Nc3 b5 10. Bxb5 Bxb5 11. Nxb5 Nxd5 12. O-O Nc6 13. Nc3 e6 14. Qa4
Qd7 15. Nxd5 Qxd5 16. Be3 Rfd8 17. Rfd1 Rab8 18. Rac1 Rb5 19. Rd2 Bf8 20. Rdc2
Nb4 21. Rc8 Ra5 22. Rxd8 Rxa4 23. Rxd5 Nxd5 24. a3 Kg7 25. Rc8 Be7 26. h4 h5
27. Rb8 Bf6 28. Rb7 Ra6 29. Bg5 Ra4 30. Bxf6+ Kxf6 31. Ng5 Rxd4 32. Rxf7+ 1-0

[Event "28. SPRING FESTIVAL -  BUDAPEST"]
[Site "Budapest"]
[Date "2012.03.30"]
[Round "5.21"]
[White "Porkolab, Sandor"]
[Black "Peczely, Gyorgy Dr"]
[Result "1/2-1/2"]
[WhiteElo "1936"]
[BlackElo "1878"]
[PlyCount "64"]
[EventDate "2012.03.26"]

1. b4 d5 2. Bb2 Bg4 3. Nf3 Nd7 4. e3 e6 5. b5 Ngf6 6. Be2 Bd6 7. d3 c6 8. a4
O-O 9. O-O Qc7 10. Nbd2 a6 11. c4 axb5 12. axb5 cxb5 13. cxb5 Qb6 14. d4 Rxa1
15. Qxa1 Bb4 16. Bd3 Rc8 17. Rc1 Rxc1+ 18. Qxc1 Qd8 19. Qc2 Bh5 20. Ne5 Bd6 21.
h3 Qc7 22. Qxc7 Bxc7 23. g4 Bg6 24. Nxg6 hxg6 25. Nb3 b6 26. f3 Kf8 27. Kf2 Ne8
28. e4 dxe4 29. fxe4 Bd6 30. Nd2 Nc7 31. Nf3 Be7 32. g5 Bd6 1/2-1/2

[Event "28. SPRING FESTIVAL -  BUDAPEST"]
[Site "Budapest"]
[Date "2012.03.31"]
[Round "6.3"]
[White "Grimm, Daniel"]
[Black "Padhya, Saumil"]
[Result "0-1"]
[WhiteElo "2067"]
[BlackElo "2187"]
[PlyCount "58"]
[EventDate "2012.03.26"]

1. e4 c5 2. Nf3 d6 3. d4 cxd4 4. Nxd4 Nf6 5. Nc3 a6 6. Be3 e5 7. Nb3 Be6 8. Qd2
Nbd7 9. O-O-O Be7 10. f4 Qc7 11. Kb1 b5 12. g3 Rc8 13. Bg2 Nb6 14. Bxb6 Qxb6
15. Rhe1 O-O 16. Nd5 Nxd5 17. exd5 Bg4 18. Rc1 Bf6 19. h3 Bd7 20. Be4 b4 21. f5
a5 22. Qg2 a4 23. Nd2 a3 24. b3 Qd4 25. c3 Rxc3 26. Rxc3 Qxc3 27. Nf3 Bxf5 28.
g4 Bxe4+ 29. Rxe4 Qd3+ 0-1

[Event "28. SPRING FESTIVAL -  BUDAPEST"]
[Site "Budapest"]
[Date "2012.03.31"]
[Round "6.4"]
[White "Kantor, Gergely"]
[Black "Szalanczy, Emil"]
[Result "1-0"]
[WhiteElo "2316"]
[BlackElo "2249"]
[PlyCount "39"]
[EventDate "2012.03.26"]

1. d4 c5 2. d5 e6 3. Nc3 d6 4. e4 Nf6 5. Bb5+ Bd7 6. Bc4 Be7 7. Nf3 e5 8. Nd2
O-O 9. O-O g6 10. Be2 Ne8 11. a4 f5 12. Nc4 f4 13. Bg4 Rf6 14. Kh1 Nc7 15. Bd2
h5 16. Bxd7 Nxd7 17. f3 g5 18. Rb1 Rg6 19. Ne2 g4 20. Ng1 {after 47 move} 1-0

[Event "28. SPRING FESTIVAL -  BUDAPEST"]
[Site "Budapest"]
[Date "2012.03.31"]
[Round "6.5"]
[White "Farago, Sandor"]
[Black "Lyell, Mark"]
[Result "0-1"]
[WhiteElo "2296"]
[BlackElo "2202"]
[PlyCount "38"]
[EventDate "2012.03.26"]

1. d4 d5 2. Nf3 Nf6 3. c4 dxc4 4. Nc3 Nc6 5. Qa4 Bf5 6. Ne5 Bd7 7. Qxc4 e6 8.
Bg5 h6 9. Bh4 Nxe5 10. dxe5 g5 11. Bg3 Nd5 12. e4 Nxc3 13. bxc3 Qe7 14. h4
O-O-O 15. hxg5 Bc6 16. Be2 Qxg5 17. Bh4 Qxg2 18. Rf1 Bg7 19. Bxd8 Rxd8 {
after 37 move} 0-1